| 000 | 00706nam a22002177a 4500 | ||
|---|---|---|---|
| 003 | OSt | ||
| 005 | 20250612115144.0 | ||
| 008 | 250612b |||||||| |||| 00| 0 eng d | ||
| 020 | _a9788476588550 | ||
| 037 | _bDonación | ||
| 040 |
_aCO-JMCR _bspa _cCO-JMCR _dCO-JMCR _erda |
||
| 041 | 0 | _aspa | |
| 082 | 0 | 4 |
_a306.4 _bR57p _223 |
| 100 | 1 |
_aRincón, Carlos, _eautor _944162 |
|
| 245 | 1 | 3 |
_aLa palabra como provocación : _bmagia, versos y filosofemas / _cCarlos Rincón, Julián Serna Arango. |
| 260 |
_aBarcelona : _bAnthropos, _c2008. |
||
| 300 |
_a174 páginas ; _c20 cm. |
||
| 504 | _aIncluye bibliografías e índice. | ||
| 700 | 1 |
_aSerna Arango, Julián, _d1953- _eautor _944163 |
|
| 942 |
_2ddc _cBK |
||
| 999 |
_c31003 _d17387 |
||